Opening Night characters Quiz Stats

 Plays Quiz not verified by Sporcle

Also try: Fields of Gold
Challenge
Share
Tweet
Embed
Score 0/48 Timer 09:00
0 Plays Today
Typage Actor % Correct
DomesticsCook
100%
VillainsBurglar
100%
AristocratsMatron
92.9%
AristocratsYoung lady
92.9%
City DwellersRuffian
92.9%
CommonersLady
92.9%
DomesticsButler
92.9%
DomesticsMaid
92.9%
EccentricsArtiste
92.9%
EccentricsGrande Dame
92.9%
RoyaltyDignitary
92.9%
RoyaltyMoroccan Prince
92.9%
RoyaltyPrincess
92.9%
RoyaltyQueen
92.9%
SleuthsBobby
92.9%
VillainsMystery woman
92.9%
TradespeopleFlower vendor
92.9%
VillainsCount
92.9%
VillainsShrouded woman
92.9%
AristocratsGentleman 1
85.7%
AristocratsMilitary Officer
85.7%
AristocratsYoung lad
85.7%
CommonersSchool girl
85.7%
CommonersSchool boy
85.7%
Typage Actor % Correct
CommonersGentleman 2
85.7%
DomesticsNanny
85.7%
EccentricsProfessor
85.7%
EccentricsSeafarer
85.7%
EccentricsSpinster
85.7%
RoyaltyNobleman
85.7%
SleuthsDoctor
85.7%
SleuthsDetective woman
85.7%
SleuthsDetective boy
85.7%
SleuthsDetective girl
85.7%
SleuthsDetective man
85.7%
SleuthsInspector
85.7%
TradespeopleChimney sweep
85.7%
TradespeopleNewsboy
85.7%
City DwellersPauper man
78.6%
City DwellersPauper woman
78.6%
City DwellersUrchin boy
78.6%
City DwellersUrchin girl
78.6%
CommonersChap
78.6%
CommonersGentlewoman
78.6%
DomesticsHuntsman
78.6%
EccentricsMiser
78.6%
TradespeopleVendor man
71.4%
TradespeopleVendor woman
71.4%

You're not logged in!

Compare scores with friends on all Sporcle quizzes.
OR
Log In

You Might Also Like...

Show Comments

Extras

Created Nov 27, 2009ReportNominate
Tags:Actor Quiz, character, night

Top Quizzes Today


Score Distribution

Your Account Isn't Verified!

In order to create a playlist on Sporcle, you need to verify the email address you used during registration. Go to your Sporcle Settings to finish the process.

Report this User

Report this user for behavior that violates our Community Guidelines.

Details: